[Event "ROM-ch U10"]
[Site "Eforie Nord"]
[Date "2022.04.13"]
[Round "4"]
[White "Iavorschi, Andrei"]
[Black "Stanica, Andrei"]
[Result "0-1"]
[WhiteElo "1114"]
[BlackElo "1322"]
[PlyCount "90"]
[EventDate "2022.04.11"]
[EventType "swiss"]
[EventRounds "9"]
[EventCountry "ROU"]
[SourceTitle "EXT 2023"]
[Source "ChessBase"]
[SourceDate "2022.10.05"]
[SourceVersion "1"]
[SourceVersionDate "2022.10.05"]
[SourceQuality "1"]

1. d4 d5 2. Bf4 Nf6 3. e3 e6 4. Bd3 c5 5. c3 Nc6 6. Nd2 Be7 7. Ngf3 0-0 8. Ne5 Bd6 9. Ndf3 cxd4 10. exd4 Kh8 11. Ng5 Kg8 12. Qf3 h6 13. Nh3 Nh7 14. Qg3 Kh8 15. Nxf7+ Rxf7 16. Bxd6 Qf6 17. Qg6 Qxg6 18. Bxg6 Rf6 19. Bxh7 Kxh7 20. 0-0-0 Bd7 21. Rhe1 Rd8 22. Be5 Nxe5 23. Rxe5 g5 24. f3 Rc8 25. Rde1 Kg7 26. Nf2 Rc7 27. Ng4 Rf4 28. Rf1 Rxd4 29. Kb1 Rd2 30. Ne3 Kf6 31. Ng4+ Kg6 32. Re3 Rxg2 33. Ne5+ Kf5 34. Nxd7 Rxd7 35. Rfe1 Rd6 36. Rd3 Rxh2 37. c4 Rb6 38. cxd5 Rbxb2+ 39. Kc1 exd5 40. Rxd5+ Kf4 41. Rd4+ Kxf3 42. Rd3+ Kg4 43. Rg1+ Kf5 44. Rf1+ Kg6 45. Rd6+ Kh5 0-1